Impact of global crisis on the financial and real sector of the least developed countries

Dopad globálnej krízy na najmenej rozvinuté krajiny na základe komparácie ich vývoja od počiatku nového tisícročia. Dopady krízy sú analyzované z hľadiska finančných efektov - cez vývoj priamych zahraničných investícií a zahraničnej pomoci a z hľadiska efektov na reálny sektor, teda vývoj HDP, expor...

Descripción completa

Guardado en:
Detalles Bibliográficos
Autor principal: Majerová, Ingrid
Formato: Capítulo de libro
Lenguaje:inglés
Materias:
Etiquetas: Agregar Etiqueta
Sin Etiquetas, Sea el primero en etiquetar este registro!

MARC

LEADER 00000nla a2200000 4500
001 0159712
005 20221103134415.8
041 0 |a eng 
044 |a SK 
245 1 0 |a Impact of global crisis on the financial and real sector of the least developed countries  |c Ingrid Majerová 
520 |a Dopad globálnej krízy na najmenej rozvinuté krajiny na základe komparácie ich vývoja od počiatku nového tisícročia. Dopady krízy sú analyzované z hľadiska finančných efektov - cez vývoj priamych zahraničných investícií a zahraničnej pomoci a z hľadiska efektov na reálny sektor, teda vývoj HDP, exportu a remitencií. Dôraz sa kladie predovšetkým na analýzu exportných problémov. 
610 2 0 |a kríza finančná 
610 2 0 |a krajiny rozvojové 
610 2 0 |a vývoz 
610 2 0 |a investície priame zahraničné 
610 2 0 |a produkt domáci hrubý 
610 2 0 |a vývoj hospodársky 
100 1 |a Majerová, Ingrid